| 000 | 00356nam a22001097a 4500 | ||
|---|---|---|---|
| 100 |
_aMarkhand, Munir Ahmed _a13ME38 |
||
| 245 | _aPerformance and Analysis of Vapour Absorption Refrigeration System by Using water-Lithium Bromide | ||
| 260 |
_aNawabshah: _bQUEST, _c2016. |
||
| 300 | _a70p. ; | ||
| 700 | _aDepartment of Mechanical Engineering | ||
| 942 | _cTHESIS | ||
| 999 |
_c57538 _d57535 |
||